000 00777nam a2200253Ia 4500
003 OSt
005 20221005133650.0
006 a|||||r|||| 00| 0
007 ta
008 221004b |||||||| |||| 00| 0 hin d
024 _a2307
037 _bGift, 11/02/2013,
_cTextual
040 _aCRL
_cCRL
_bhin
041 _2hin
_ahin
082 _aO152,1N23x, Q0
100 _aशर्मा, अविनाश, संपा.
245 0 _aसृजनात्मक पल
246 _aSṛujanātmak pala
260 _c2011
300 _a89पृ0
_ccm.
650 _aहिन्दी साहित्य
942 _hO152,1N23x, Q0
_cTEXL
_2cc
999 _c1067478
_d1067478